000 00516nam a22001937a 4500
005 20241105141627.0
008 230905b |||||||| |||| 00| 0 eng d
020 _a9780781743150
082 _a611
_bSNE-C
100 _aSnell, Richard. S
245 _aClinical Anatomy /
_cby Richard. S Snell
250 _a7th ed.
260 _aUSA :
_bLippin Cott ;
_c2004 .
300 _aix,1011p. :
_bill. ;
_c27 cm.
500 _aInclude index.
650 _aMedical / Anatomy
700 _aRichard S.Snell
999 _c33440
_d33440